00940 2200301 4500001002100000005001500021035002000036007000300056008004100059020002200100040002200122082001200144084001400156090001800170090002200188100002800210245012900238300004500367850001200412041000800424504003200432651004000464264003800504336002100542337003000563338002300593990002200616INLIS00000000084632420190423020344 a0010-0419001183ta190423s2018 yoia g ind d a978-602-5541-32-2 aYOPDYOGbinderda04223a361 a361 HAR i aDEP 361 HAR i aCB-D.11 2018-17490 aHarun Blongkodepenulis10aIndeks kepuasan masyarakat terhadap penyelenggaraan 9 program gratis di kabupaten Gorontalo Utara /cpenulis, Harun Blongkod avi, 70 halaman :bgrafik, tabel ;c21 cm aYOPDYOG0 aind aBibliografi : halaman 69-70 4aGorontalo Utara--xPelayanan Sosial31aSleman :bZahir Publishing,c2018 2rdacontentateks 2rdamediaatanpa perantara 2rdacarrieravolume aCB-D.11/2018-1749